Động vật có xương sống T. 1 Cá và Lưỡng cư

Đã lưu trong:
書目詳細資料
主要作者: Trần Kiên
格式: 圖書
語言:Vietnamese
出版: H. Đại học Sư phạm 2003
主題:
標簽: 添加標簽
沒有標簽, 成為第一個標記此記錄!
Thư viện lưu trữ: Mạng thư viện Đại học Đà Nẵng
LEADER 01173nam a2200361 4500
001 000009249
003 5444
005 20120828080834.0
008 111026s2003 viesd
020 |c 52000đ 
041 0 |a vie 
082 |a 597.8  |b TR-K 
100 0 |a Trần Kiên 
245 1 0 |a Động vật có xương sống  |c Trần Kiên  |n T. 1  |p Cá và Lưỡng cư 
260 |a H.  |b Đại học Sư phạm  |c 2003 
300 |a 522 tr  |b hình vẽ  |c 24 cm 
504 |a Thư mục tr: 518-522 
653 |a Động vật 
653 |a có xương sống 
653 |a cá 
653 |a Lưỡng cư 
773 |t Động vật có xương sống  |w 5442 
910 |a Nguyễn Thị Kim Oanh  |d 26/10/2011 
OWN |a LSP 
AVA |a UDN50  |b LSP  |d 597.8 TR-K  |e check_holdings  |t Error 5003 Not defined in file expand_doc_bib_avail.  |h N  |k 1 
999 |a From the UDN01 
AVA |a UDN50  |b LSP  |d 597.8 TR-K  |e available  |t Error 5001 Not defined in file expand_doc_bib_avail.  |f 47  |g 0  |h N  |i 35  |k 1 
TYP |a Monograph 
TYP |a Printed language 
980 |a Mạng thư viện Đại học Đà Nẵng